LIBRARY & INFORMATION CENTRE, KCAET, TAVANUR

ONLINE PUBLIC ACCESS CATALOGUE (OPAC)

Unified algebra and trigonometry / (Record no. 9110)

MARC details
000 -LEADER
fixed length control field 00482cam a2200193ua 4500
041 ## - LANGUAGE CODE
Language code of text/sound track or separate title eng
082 ## - DEWEY DECIMAL CLASSIFICATION NUMBER
Classification number 512.13
Item number HAL/UN
100 ## - MAIN ENTRY--AUTHOR NAME
Personal name Hall, DIck wick .
245 ## - TITLE STATEMENT
Title Unified algebra and trigonometry /
250 ## - EDITION STATEMENT
Edition statement 1 /
260 ## - PUBLICATION, DISTRIBUTION, ETC. (IMPRINT)
Place of publication London :
Name of publisher John Wiley & Sons ,
Year of publication 1962.
300 ## - PHYSICAL DESCRIPTION
Number of Pages 455 ; .
700 1# - ADDED ENTRY--PERSONAL NAME
Personal name Kattsoff, Louis O .
942 ## - ADDED ENTRY ELEMENTS (KOHA)
Koha item type Books
Holdings
Withdrawn status Lost status Damaged status Home library Current library Date acquired Full call number Accession Number Koha item type
      KAUAET KAUAET 07/04/2012 512.13 9783 Books
free website counter